Central Library OPAC University of Rajshahi

القاموس الجامعي = The Collegiate Dictionary (Record no. 59052)

MARC details
000 -LEADER
fixed length control field 00859nam a2200229 a 4500
001 - CONTROL NUMBER
control field 59052
003 - CONTROL NUMBER IDENTIFIER
rucl marc code BD-RjUL
005 - DATE AND TIME OF LATEST TRANSACTION
control field 20220324101600.0
008 - FIXED-LENGTH DATA ELEMENTS--GENERAL INFORMATION
fixed length control field 060209s1994 ua 000 0 ara d
035 ## - SYSTEM CONTROL NUMBER
System control number (BD-RjUL)59052
040 ## - CATALOGING SOURCE
Original cataloging agency BBR
Transcribing agency BD-RjUL
Language of cataloging eng
041 ## - LANGUAGE CODE
Language code of text/sound track or separate title ara
082 ## - DEWEY DECIMAL CLASSIFICATION NUMBER
Classification number 610.3
Author mark and year DIC 1994
Edition number 23
100 1# - MAIN ENTRY--PERSONAL NAME
Personal name إلياس، إدوار إ.= Elias, Edward
9 (RLIN) 2009
245 12 - TITLE STATEMENT
Title القاموس الجامعي = The Collegiate Dictionary
Remainder of title انجليزي - عربي = arabic-english /
Statement of responsibility, etc. إدوار إ. إلياس.= edward Elias Elias
260 ## - PUBLICATION, DISTRIBUTION, ETC. (IMPRINT)
Place of publication, distribution, etc. القاهرة :
Name of publisher, distributor, etc. Elias, Modern press,
Date of publication, distribution, etc. ١٩٩٤ م.
300 ## - PHYSICAL DESCRIPTION
Pagination 836 ص. ؛
Size ٢٠ سم.
500 ## - GENERAL NOTE
General note للكتاب عنوان اخر بالانجليزية
650 #4 - SUBJECT ADDED ENTRY--TOPICAL TERM
Topical term or geographic name as entry element Medicine
Form subdivision Dictionaries and encyclopedias
General subdivision Arabic.
9 (RLIN) 2010
Topical term or geographic name as entry element english
Form subdivision Dictionaries
General subdivision Arabic
9 (RLIN) 2011
942 ## - ADDED ENTRY ELEMENTS (KOHA)
Source of classification or shelving scheme Dewey Decimal Classification
Koha item type Reference
Holdings
Lost status Source of classification or shelving scheme Damaged status Not for loan Collection code Permanent Location Current Location Shelving location Date acquired Full call number Date last seen Copy number Koha item type
  Dewey Decimal Classification   Not For Loan Reference Central Library, University of Rajshahi Central Library, University of Rajshahi Reference 24/03/2022 AR 610.3 DIC 1994 24/03/2022 C-1 Reference